[Event "Torredembarra op 19th"]
[Site "Torredembarra"]
[Date "2017.07.01"]
[Round "1"]
[White "Marce Miracle, Joan"]
[Black "Pogorelov, Ruslan"]
[Result "0-1"]
[WhiteElo "1703"]
[BlackElo "2341"]
[PlyCount "104"]
[EventDate "2017.07.01"]
[EventType "swiss"]
[EventRounds "9"]
[EventCountry "ESP"]
[SourceTitle "CBM 179 Extra"]
[Source "ChessBase"]
[SourceDate "2017.08.23"]
[SourceVersion "1"]
[SourceVersionDate "2017.08.23"]
[SourceQuality "1"]

1. d4 Nf6 2. c4 e6 3. Nc3 Bb4 4. Bg5 h6 5. Bh4 c5 6. e3 cxd4 7. exd4 Qa5 8. Qc2 Ne4 9. Nge2 f5 10. f3 Nd6 11. a3 Nxc4 12. Qc1 Bxc3+ 13. Nxc3 d5 14. Bxc4 dxc4 15. 0-0 0-0 16. Be7 Rf7 17. Bb4 Qa6 18. Ne2 Nc6 19. Bc3 Bd7 20. Re1 Ne7 21. Nf4 g5 22. Nh5 Nd5 23. h4 f4 24. Qc2 Rf5 25. Re5 Be8 26. Rxd5 Rxd5 27. Nf6+ Kg7 28. Nxd5 exd5 29. hxg5 Bg6 30. gxh6+ Kh7 31. Qd2 Qf6 32. Re1 Re8 33. Rxe8 Bxe8 34. Qe1 Bh5 35. Qe5 Qxe5 36. dxe5 Kxh6 37. Kf2 Kg5 38. g3 fxg3+ 39. Kxg3 Kf5 40. a4 b6 41. Bd4 Be8 42. a5 bxa5 43. f4 Ke4 44. Bxa7 d4 45. Bb6 a4 46. e6 a3 47. bxa3 c3 48. f5 c2 49. f6 c1Q 50. f7 Qf4+ 51. Kg2 Bc6 52. Kh3 Kf3 0-1

[Event "Torredembarra op 8th"]
[Site "Torredembarra"]
[Date "2006.07.09"]
[Round "2"]
[White "Marce Miracle, Joan"]
[Black "Martinez Pena, Manuel"]
[Result "0-1"]
[WhiteElo "1884"]
[BlackElo "2261"]
[PlyCount "64"]
[EventDate "2006.07.08"]
[EventType "swiss"]
[EventRounds "9"]
[EventCountry "ESP"]
[SourceTitle "EXT 2019"]
[Source "ChessBase"]
[SourceDate "2018.10.10"]
[SourceVersion "1"]
[SourceVersionDate "2018.10.10"]
[SourceQuality "1"]

1. b4 c6 2. Nf3 Qb6 3. c3 a5 4. bxa5 Rxa5 5. e3 d5 6. Be2 Bf5 7. d3 e6 8. 0-0 Nf6 9. Nh4 Bg6 10. Nd2 Bd6 11. a4 Qa7 12. Nxg6 hxg6 13. h3 Nbd7 14. c4 0-0 15. d4 Ra8 16. c5 Bc7 17. Qb3 b5 18. Bb2 Rxa4 19. Rxa4 bxa4 20. Qa3 e5 21. Ra1 exd4 22. exd4 Bf4 23. Nf1 Ne4 24. Bd1 Qb7 25. Bc1 Bxc1 26. Qxc1 Qb4 27. Qe3 a3 28. Qb3 Qxd4 29. Ra2 Ndxc5 30. Qc2 Nc3 31. Qd2 Qxd2 32. Rxd2 a2 0-1